Parties, elections, and representation in the state of New York / (Record no. 1801)

MARC details
000 -LEADER
fixed length control field 00950pam a2200289 a 4500
001 - CONTROL NUMBER
control field 2822412
003 - CONTROL NUMBER IDENTIFIER
control field OSt
005 - DATE AND TIME OF LATEST TRANSACTION
control field 20230620144022.0
008 - FIXED-LENGTH DATA ELEMENTS--GENERAL INFORMATION
fixed length control field 830110s1983 nyu b 001 0 eng
010 ## - LIBRARY OF CONGRESS CONTROL NUMBER
LC control number 83002147
020 ## - INTERNATIONAL STANDARD BOOK NUMBER
International Standard Book Number 0814778283 :
Terms of availability $25.00
020 ## - INTERNATIONAL STANDARD BOOK NUMBER
International Standard Book Number 0814778291 (pbk.) :
Terms of availability $12.50
040 ## - CATALOGING SOURCE
Original cataloging agency DLC
Transcribing agency DLC
Modifying agency DLC
043 ## - GEOGRAPHIC AREA CODE
Geographic area code n-us-ny
050 00 - LIBRARY OF CONGRESS CALL NUMBER
Classification number JK2295.N73
Item number S27 1983
082 00 - DEWEY DECIMAL CLASSIFICATION NUMBER
Classification number 324.6/09747
Edition number 19
Item number HOW
100 1# - MAIN ENTRY--PERSONAL NAME
Personal name Scarrow, Howard A.
245 10 - TITLE STATEMENT
Title Parties, elections, and representation in the state of New York /
Statement of responsibility, etc. Howard A. Scarrow.
260 ## - PUBLICATION, DISTRIBUTION, ETC. (IMPRINT)
Place of publication, distribution, etc. New York :
Name of publisher, distributor, etc. New York University Press,
Date of publication, distribution, etc. 1983.
300 ## - PHYSICAL DESCRIPTION
Extent ix, 142 p. ;
Dimensions 24 cm.
504 ## - BIBLIOGRAPHY, ETC. NOTE
Bibliography, etc Includes bibliographical references and indexes.
650 #0 - SUBJECT ADDED ENTRY--TOPICAL TERM
Topical term or geographic name as entry element Political parties
Geographic subdivision New York (State)
650 #0 - SUBJECT ADDED ENTRY--TOPICAL TERM
Topical term or geographic name as entry element Elections
Geographic subdivision New York (State)
650 #0 - SUBJECT ADDED ENTRY--TOPICAL TERM
Topical term or geographic name as entry element Apportionment (Election law)
Geographic subdivision New York (State)
906 ## - LOCAL DATA ELEMENT F, LDF (RLIN)
a 7
b cbc
c orignew
d 1
e ocip
f 19
g y-gencatlg
942 ## - ADDED ENTRY ELEMENTS (KOHA)
Source of classification or shelving scheme Dewey Decimal Classification
Koha item type Books
Holdings
Withdrawn status Lost status Source of classification or shelving scheme Damaged status Not for loan Home library Current library Date acquired Total Checkouts Full call number Barcode Date last seen Price effective from Koha item type
    Dewey Decimal Classification     Bunge Tower Library Bunge Tower Library 06/20/2023   324.6/09747 HOW 100013240 06/20/2023 06/20/2023 Books
LIBRARY OPENING HOURS

When the Parliament is sitting: 8.00a.m - 7.00p.m or until the house adjourns
Mondays and Fridays and when the House is on Recess:  8.00a.m - 5.00p.m
Closed on Weekends and Public Holidays

Online Public Access Catalog (OPAC)
Website: http://www.parliament.go.ke
Bunge Library: https://libraryir.parliament.go.ke
Contact: library@parliament.go.ke | Tel no: (254-2)2221291 or 2848000 Ext 5043